Principles of management / (Record no. 209738)
[ view plain ]
| 000 -LEADER | |
|---|---|
| fixed length control field | 00704nam a2200217Ia 4500 |
| 005 - DATE AND TIME OF LATEST TRANSACTION | |
| control field | 20220316104524.0 |
| 008 - FIXED-LENGTH DATA ELEMENTS--GENERAL INFORMATION | |
| fixed length control field | 210716s2003 xx 000 0 und d |
| 020 ## - INTERNATIONAL STANDARD BOOK NUMBER | |
| International Standard Book Number | 9780071333337 |
| 040 ## - CATALOGING SOURCE | |
| Transcribing agency | AIMIT LIBRARY |
| 041 ## - LANGUAGE CODE | |
| Language code of text/sound track or separate title | eng |
| 082 ## - DEWEY DECIMAL CLASSIFICATION NUMBER | |
| Classification number | 658 |
| Edition number | 5 |
| Item number | TRIP |
| 100 ## - MAIN ENTRY--PERSONAL NAME | |
| Personal name | Tripathi, P C. |
| 9 (RLIN) | 23832 |
| 245 ## - TITLE STATEMENT | |
| Title | Principles of management / |
| Statement of responsibility, etc. | By P C Tripathi and P N Reddy |
| 250 ## - EDITION STATEMENT | |
| Edition statement | 5th ed |
| 260 ## - PUBLICATION, DISTRIBUTION, ETC. | |
| Place of publication, distribution, etc. | New Delhi : |
| Name of publisher, distributor, etc. | Tata MaGraw Hill Education Private Limited , |
| Date of publication, distribution, etc. | 2013 . |
| 300 ## - PHYSICAL DESCRIPTION | |
| Extent | xviii,454p. ; |
| Dimensions | 24 cm. |
| 650 ## - SUBJECT ADDED ENTRY--TOPICAL TERM | |
| Topical term or geographic name entry element | Development of Management Thought. |
| 9 (RLIN) | 23833 |
| 650 ## - SUBJECT ADDED ENTRY--TOPICAL TERM | |
| Topical term or geographic name entry element | Business Forecasting and Operations Research. |
| 9 (RLIN) | 23834 |
| 700 ## - ADDED ENTRY--PERSONAL NAME | |
| Personal name | Reddy P N. |
| 9 (RLIN) | 23835 |
| 942 ## - ADDED ENTRY ELEMENTS (KOHA) | |
| Source of classification or shelving scheme | Dewey Decimal Classification |
| Koha item type | Book |
| Edition | 5th |
| Call number prefix | 658 TRIP |
| Withdrawn status | Lost status | Source of classification or shelving scheme | Damaged status | Not for loan | Collection code | Home library | Current library | Date acquired | Cost, normal purchase price | Inventory number | Total Checkouts | Full call number | Barcode | Date last seen | Date last checked out | Cost, replacement price | Price effective from | Koha item type |
|---|---|---|---|---|---|---|---|---|---|---|---|---|---|---|---|---|---|---|
| Dewey Decimal Classification | MBA | St Aloysius Institute of Management & Information Technology | St Aloysius Institute of Management & Information Technology | 10/11/2012 | 375.00 | Bill no:771; Bill dt:2012-10-04 | 1 | 658 TRIP | MBA10112 | 05/23/2026 | 10/15/2024 | 281.25 | 07/16/2021 | Book | ||||
| Dewey Decimal Classification | MBA | St Aloysius Institute of Management & Information Technology | St Aloysius Institute of Management & Information Technology | 03/08/2016 | 550.00 | Bill no:219; Bill dt:2016-03-08 | 658 TRIP | MBA12304 | 05/23/2026 | 412.50 | 07/16/2021 | Book |